000 00447nam a2200145 i 4500
001 84238
003 ES-MaACL
007 t|
008 041122s1954 sp ||||1| spa d
100 1 _aIravedra Merchante, Luisa.
_965426
245 1 0 _aLiteratura española y su metodología /
_cLuisa Iravedra Merchante.
260 _aBurgos :
_bHijos de Santiago Rodríguez,
_c1954.
300 _a408 p. :
_bil. ;
_c20 cm.
852 _aES-MaACL
_jC-9668
_bR.37406
999 _c84238
_d84238